000 01007nam a2200241 a 4500
001 000046541
005 20201002052939.0
008 150824s2015 dr d 000 0 spa d
020 _a9789945590210
040 _aDO-SdBNP
_bspa
_cBNPHU
082 _a302.2
_bC969m
111 2 _aCumbre mundial de comunicación política
_n(6ª :
_d2014 :
_cMéxico)
_974526
245 1 3 _aVI cumbre mundial de comunicación política /
_ceditor Daniel Ivoskus ; coordinadora Marina Raffaeli.
246 1 3 _aSexta cumbre mundial de comunicación política
260 _aSanto Domingo :
_bFundación Global Desarrollo y Democracia,
_c2015.
300 _a546 p. :
_bil., diag., gráfs., fotos, mapas ;
_c26 cm.
500 _aImagenes cartográficas
590 _aInventariado, 2019/VM
650 4 _aComunicación en política
_zAmérica Latina
_xCongresos
_974527
650 4 _aComunicación en política
_xInnovacionestecnológicas
_974528
700 1 2 _aIvoskus, Daniel,
_zed.
_974529
700 1 2 _aRaffaeli, Marina,
_ecoor.
_974530
999 _c46030
_d46030